[Event "Greek Team Championship"]
[Site "chess24.com"]
[Date "2017.07.06"]
[Round "5"]
[White "Mastrovasilis, Athanasios"]
[Black "Theodorou, Nikolas"]
[Result "1/2-1/2"]
[Board "2"]
[WhiteElo "2512"]
[WhiteTitle "GM"]
[WhiteCountry "GRE"]
[WhiteFideId "4201990"]
[BlackElo "2500"]
[BlackTitle "IM"]
[BlackCountry "GRE"]
[BlackFideId "4262875"]

1. d4 {[%clk 1:27:40]} Nf6 {[%clk 1:30:55]} 2. c4 {[%clk 1:27:42]} g6 {[%clk
1:31:16]} 3. Nf3 {[%clk 1:27:51]} Bg7 {[%clk 1:31:35]} 4. g3 {[%clk 1:28:05]} O-O
{[%clk 1:31:54]} 5. Bg2 {[%clk 1:28:32]} d6 {[%clk 1:32:09]} 6. O-O {[%clk
1:28:25]} Nbd7 {[%clk 1:32:33]} 7. Nc3 {[%clk 1:28:34]} e5 {[%clk 1:32:55]} 8. b3
{[%clk 1:28:41]} c6 {[%clk 1:31:36]} 9. Ba3 {[%clk 1:28:04]} exd4 {[%clk
1:22:31]} 10. Nxd4 {[%clk 1:25:25]} Nc5 {[%clk 1:22:41]} 11. Qc2 {[%clk 1:16:53]}
a5 {[%clk 1:22:41]} 12. Rad1 {[%clk 1:16:53]} Qc7 {[%clk 1:12:48]} 13. e4 {[%clk
1:11:17]} Bg4 {[%clk 1:06:37]} 14. Rd2 {[%clk 1:03:01]} Rfe8 {[%clk 0:59:47]} 15.
h3 {[%clk 1:02:42]} Bd7 {[%clk 0:59:47]} 16. Rfd1 {[%clk 0:55:39]} Rad8 {[%clk
0:58:01]} 17. Nde2 {[%clk 0:48:18]} Bc8 {[%clk 0:58:19]} 18. f4 {[%clk 0:41:04]}
Qb6 {[%clk 0:57:35]} 19. Kh1 {[%clk 0:16:35]} Bxh3 {[%clk 0:08:05]} 20. Bxh3
{[%clk 0:17:00]} Nfxe4 {[%clk 0:08:23]} 21. Bxc5 {[%clk 0:15:58]} Nxc5 {[%clk
0:07:58]} 22. Bg2 {[%clk 0:11:37]} Re3 {[%clk 0:07:47]} 23. Rf1 {[%clk 0:09:57]}
Bxc3 {[%clk 0:06:35]} 24. Nxc3 {[%clk 0:10:22]} Rxg3 {[%clk 0:07:01]} 25. Ne4
{[%clk 0:06:19]} Nxe4 {[%clk 0:06:48]} 26. Qxe4 {[%clk 0:06:44]} Re3 {[%clk
0:04:32]} 27. Qd4 {[%clk 0:06:56]} Qxd4 {[%clk 0:04:58]} 28. Rxd4 {[%clk
0:07:23]} Re2 {[%clk 0:05:23]} 29. a4 {[%clk 0:06:40]} Re3 {[%clk 0:04:25]} 30.
Rf3 {[%clk 0:06:49]} Rxf3 {[%clk 0:04:51]} 31. Bxf3 {[%clk 0:07:16]} Kf8 {[%clk
0:04:35]} 32. Kg2 {[%clk 0:07:24]} Ke7 {[%clk 0:04:55]} 33. Kf2 {[%clk 0:07:31]}
Kd7 {[%clk 0:05:12]} 34. Rd1 {[%clk 0:04:54]} Re8 {[%clk 0:04:50]} 35. Rh1 {[%clk
0:04:40]} h5 {[%clk 0:05:15]} 36. Rg1 {[%clk 0:04:25]} Re6 {[%clk 0:03:00]} 37.
Rg5 {[%clk 0:04:04]} f5 {[%clk 0:02:25]} 38. Rg1 {[%clk 0:03:17]} Kc7 {[%clk
0:01:54]} 39. Rb1 {[%clk 0:02:01]} Re8 {[%clk 0:01:14]} 40. Rg1 {[%clk 0:31:43]}
Re6 {[%clk 0:31:42]} 41. Rb1 {[%clk 0:26:05]} Re8 {[%clk 0:32:08]} 42. b4 {[%clk
0:08:57]} axb4 {[%clk 0:32:33]} 43. Rxb4 {[%clk 0:09:24]} Ra8 {[%clk 0:31:59]}
44. Bd1 {[%clk 0:09:31]} Re8 {[%clk 0:22:16]} 45. Bf3 {[%clk 0:09:02]} Ra8 {[%clk
0:22:40]} 46. Bd1 {[%clk 0:09:28]} Re8 {[%clk 0:22:35]} 47. Bc2 {[%clk 0:09:10]}
Re7 {[%clk 0:20:08]} 48. Rb1 {[%clk 0:09:19]} Re6 {[%clk 0:20:27]} 49. Bd3 {[%clk
0:07:05]} Re8 {[%clk 0:20:05]} 50. a5 {[%clk 0:06:41]} Re6 {[%clk 0:19:14]} 51.
Ra1 {[%clk 0:06:47]} Re8 {[%clk 0:19:30]} 52. Rg1 {[%clk 0:07:07]} Re6 {[%clk
0:19:56]} 53. Ra1 {[%clk 0:07:34]} Re8 {[%clk 0:20:23]} 54. Kf3 {[%clk 0:06:59]}
Re6 {[%clk 0:19:43]} 55. a6 {[%clk 0:04:30]} bxa6 {[%clk 0:20:10]} 56. Rxa6
{[%clk 0:04:55]} Kb7 {[%clk 0:20:37]} 57. Ra1 {[%clk 0:04:34]} Kb6 {[%clk
0:20:46]} 58. Be2 {[%clk 0:03:25]} Kc5 {[%clk 0:21:03]} 59. Ra6 {[%clk 0:03:40]}
Re4 {[%clk 0:19:16]} 60. Bd3 {[%clk 0:03:34]} Re7 {[%clk 0:19:25]} 61. Be2 {[%clk
0:03:52]} Re8 {[%clk 0:19:09]} 62. Kf2 {[%clk 0:03:32]} Re4 {[%clk 0:19:35]} 63.
Kf3 {[%clk 0:03:13]} Re8 {[%clk 0:20:00]} 64. Kf2 {[%clk 0:03:27]} Re4 {[%clk
0:20:02]} 65. Kf3 {[%clk 0:03:41]} 1/2-1/2

[Event "Greek Team Championship"]
[Site "chess24.com"]
[Date "2017.07.06"]
[Round "5"]
[White "Naoum, Spyridon"]
[Black "Georgiadis, Nico"]
[Result "1-0"]
[Board "3"]
[WhiteElo "2267"]
[WhiteCountry "GRE"]
[WhiteFideId "4227506"]
[WhiteEloChange "16"]
[BlackElo "2495"]
[BlackTitle "IM"]
[BlackCountry "SUI"]
[BlackFideId "1300113"]
[BlackEloChange "-8"]

1. d4 {[%clk 1:29:19]} Nf6 {[%clk 1:30:49]} 2. c4 {[%clk 1:29:23]} e6 {[%clk
1:30:25]} 3. Nc3 {[%clk 1:29:15]} Bb4 {[%clk 1:30:48]} 4. g3 {[%clk 1:29:38]} O-O
{[%clk 1:30:01]} 5. Bg2 {[%clk 1:30:04]} d5 {[%clk 1:30:17]} 6. Nf3 {[%clk
1:30:07]} dxc4 {[%clk 1:30:30]} 7. O-O {[%clk 1:30:23]} Nc6 {[%clk 1:30:30]} 8.
a3 {[%clk 1:30:04]} Be7 {[%clk 1:29:49]} 9. e4 {[%clk 1:29:03]} a6 {[%clk
1:28:28]} 10. Bf4 {[%clk 1:09:00]} b5 {[%clk 1:23:27]} 11. Qc2 {[%clk 1:01:26]}
Na5 {[%clk 1:01:59]} 12. Rad1 {[%clk 0:56:38]} Bb7 {[%clk 0:57:11]} 13. Rfe1
{[%clk 0:53:11]} c6 {[%clk 0:56:20]} 14. h4 {[%clk 0:51:43]} Nb3 {[%clk 0:56:09]}
15. e5 {[%clk 0:39:25]} Nd5 {[%clk 0:56:19]} 16. Ng5 {[%clk 0:39:37]} g6 {[%clk
0:47:07]} 17. Nxd5 {[%clk 0:26:28]} cxd5 {[%clk 0:47:31]} 18. Bh3 {[%clk
0:26:18]} Bc8 {[%clk 0:38:48]} 19. Nf3 {[%clk 0:22:57]} Kg7 {[%clk 0:29:36]} 20.
h5 {[%clk 0:19:56]} g5 {[%clk 0:29:20]} 21. Be3 {[%clk 0:18:16]} Bd7 {[%clk
0:23:14]} 22. Nh2 {[%clk 0:17:22]} a5 {[%clk 0:18:16]} 23. Rf1 {[%clk 0:17:36]}
Kh8 {[%clk 0:17:44]} 24. Ng4 {[%clk 0:16:21]} b4 {[%clk 0:05:31]} 25. f4 {[%clk
0:16:17]} Ba4 {[%clk 0:05:55]} 26. Qe2 {[%clk 0:12:12]} gxf4 {[%clk 0:05:14]} 27.
Rxf4 {[%clk 0:12:08]} Bg5 {[%clk 0:03:52]} 28. Rf6 {[%clk 0:05:06]} Bxf6 {[%clk
0:03:36]} 29. Nxf6 {[%clk 0:05:32]} Rg8 {[%clk 0:03:57]} 30. Rf1 {[%clk 0:02:48]}
Qf8 {[%clk 0:01:49]} 31. Nxg8 {[%clk 0:01:01]} Qxg8 {[%clk 0:02:09]} 32. Kh2
{[%clk 0:00:42]} Qg7 {[%clk 0:02:06]} 33. Rf4 {[%clk 0:00:58]} Rg8 {[%clk
0:01:27]} 34. Qf2 {[%clk 0:01:27]} f5 {[%clk 0:00:57]} 35. exf6 {[%clk 0:01:53]}
Qf7 {[%clk 0:01:23]} 36. Rg4 {[%clk 0:01:25]} c3 {[%clk 0:00:53]} 37. axb4 {[%clk
0:01:09]} axb4 {[%clk 0:00:48]} 38. bxc3 {[%clk 0:01:35]} bxc3 {[%clk 0:01:14]}
39. Bh6 {[%clk 0:01:08]} Rxg4 {[%clk 0:01:34]} 40. Bxg4 {[%clk 0:31:34]} Nd2
{[%clk 0:30:49]} 41. Qf4 {[%clk 0:06:49]} Be8 {[%clk 0:20:54]} 42. Qb8 {[%clk
0:05:32]} Qd7 {[%clk 0:15:32]} 43. Qb4 {[%clk 0:04:08]} Qf7 {[%clk 0:14:08]} 44.
Bg7+ {[%clk 0:04:34]} Kg8 {[%clk 0:14:35]} 45. Bxe6 {[%clk 0:04:42]} 1-0

[Event "Greek Team Championship"]
[Site "chess24.com"]
[Date "2017.07.06"]
[Round "5"]
[White "Malikentzos, Sotirios"]
[Black "Tsarouhas, Konstantinos"]
[Result "1-0"]
[Board "4"]
[WhiteElo "2439"]
[WhiteTitle "FM"]
[WhiteCountry "GRE"]
[WhiteFideId "4215079"]
[WhiteEloChange "1"]
[BlackElo "2129"]
[BlackCountry "GRE"]
[BlackFideId "4201094"]
[BlackEloChange "-3"]

1. c4 {[%clk 1:25:56]} Nf6 {[%clk 1:30:27]} 2. g3 {[%clk 1:26:18]} g6 {[%clk
1:30:17]} 3. Bg2 {[%clk 1:26:38]} Bg7 {[%clk 1:30:38]} 4. Nc3 {[%clk 1:27:00]} d6
{[%clk 1:30:11]} 5. e4 {[%clk 1:27:23]} c5 {[%clk 1:27:25]} 6. Nge2 {[%clk
1:27:23]} Nc6 {[%clk 1:27:10]} 7. O-O {[%clk 1:27:45]} O-O {[%clk 1:27:06]} 8. d3
{[%clk 1:28:10]} a6 {[%clk 1:25:49]} 9. h3 {[%clk 1:28:16]} Rb8 {[%clk 1:25:48]}
10. a4 {[%clk 1:28:40]} Ne8 {[%clk 1:23:01]} 11. Be3 {[%clk 1:29:05]} Nc7 {[%clk
1:18:14]} 12. d4 {[%clk 1:29:23]} cxd4 {[%clk 1:18:36]} 13. Nxd4 {[%clk 1:29:48]}
Nxd4 {[%clk 1:10:47]} 14. Bxd4 {[%clk 1:30:11]} Bxd4 {[%clk 1:11:14]} 15. Qxd4
{[%clk 1:30:27]} e5 {[%clk 1:02:19]} 16. Qa7 {[%clk 1:17:27]} Be6 {[%clk
0:56:16]} 17. c5 {[%clk 1:14:08]} Qe7 {[%clk 0:48:00]} 18. cxd6 {[%clk 1:12:13]}
Qxd6 {[%clk 0:48:26]} 19. Rfd1 {[%clk 1:09:59]} Qb4 {[%clk 0:47:21]} 20. Nd5
{[%clk 0:42:10]} Nxd5 {[%clk 0:35:55]} 21. exd5 {[%clk 0:42:35]} Bd7 {[%clk
0:36:21]} 22. a5 {[%clk 0:40:52]} Rbc8 {[%clk 0:16:57]} 23. d6 {[%clk 0:27:40]}
Ba4 {[%clk 0:13:01]} 24. Qxb7 {[%clk 0:22:29]} Qxb7 {[%clk 0:02:05]} 25. Bxb7
{[%clk 0:22:55]} Bxd1 {[%clk 0:02:32]} 26. Bxc8 {[%clk 0:22:35]} Rxc8 {[%clk
0:02:57]} 27. Rxd1 {[%clk 0:22:41]} Kf8 {[%clk 0:03:17]} 28. d7 {[%clk 0:21:59]}
Rd8 {[%clk 0:03:42]} 29. Rd6 {[%clk 0:22:25]} Ke7 {[%clk 0:04:00]} 30. Rxa6
{[%clk 0:22:51]} Rb8 {[%clk 0:03:06]} 31. Ra7 {[%clk 0:21:41]} Rxb2 {[%clk
0:02:27]} 32. d8Q+ {[%clk 0:20:27]} Kxd8 {[%clk 0:02:53]} 33. Rxf7 {[%clk
0:20:48]} Ra2 {[%clk 0:03:00]} 34. Rxh7 {[%clk 0:20:34]} Rxa5 {[%clk 0:03:20]}
35. Kg2 {[%clk 0:17:20]} e4 {[%clk 0:02:11]} 36. Rg7 {[%clk 0:16:31]} Ra6 {[%clk
0:02:15]} 37. Kf1 {[%clk 0:16:49]} Ke8 {[%clk 0:01:57]} 38. Ke2 {[%clk 0:17:14]}
Kf8 {[%clk 0:02:18]} 39. Rd7 {[%clk 0:17:35]} Ra3 {[%clk 0:01:14]} 40. h4 {[%clk
0:46:57]} Rb3 {[%clk 0:30:45]} 41. Rd4 {[%clk 0:47:05]} e3 {[%clk 0:30:33]} 42.
f3 {[%clk 0:45:49]} Kf7 {[%clk 0:26:54]} 43. Rd3 {[%clk 0:46:15]} Rb5 {[%clk
0:24:57]} 44. Kxe3 {[%clk 0:46:37]} Ra5 {[%clk 0:25:13]} 45. Rd4 {[%clk 0:46:36]}
Kf6 {[%clk 0:25:35]} 46. Kf4 {[%clk 0:47:00]} Ra6 {[%clk 0:25:01]} 47. Kg4 {[%clk
0:47:26]} Ra5 {[%clk 0:24:52]} 48. Rd6+ {[%clk 0:47:44]} Kf7 {[%clk 0:24:58]} 49.
f4 {[%clk 0:48:10]} Rb5 {[%clk 0:25:14]} 50. Rd3 {[%clk 0:48:31]} Kf6 {[%clk
0:25:31]} 51. Re3 {[%clk 0:48:57]} 1-0

[Event "Greek Team Championship"]
[Site "chess24.com"]
[Date "2017.07.06"]
[Round "5"]
[White "Antova, Gabriela"]
[Black "Zawadzka, Jolanta"]
[Result "0-1"]
[Board "5"]
[WhiteElo "2289"]
[WhiteTitle "FM"]
[WhiteCountry "BUL"]
[WhiteFideId "2915235"]
[WhiteEloChange "-6"]
[BlackElo "2426"]
[BlackTitle "WGM"]
[BlackCountry "POL"]
[BlackFideId "1122320"]
[BlackEloChange "3"]

1. d4 {[%clk 1:30:57]} d5 {[%clk 1:28:57]} 2. c4 {[%clk 1:31:22]} e6 {[%clk
1:29:24]} 3. Nf3 {[%clk 1:31:44]} Nf6 {[%clk 1:29:49]} 4. Nc3 {[%clk 1:32:03]}
Bb4 {[%clk 1:30:14]} 5. e3 {[%clk 1:26:59]} c5 {[%clk 1:29:53]} 6. a3 {[%clk
1:23:02]} Bxc3+ {[%clk 1:30:07]} 7. bxc3 {[%clk 1:23:23]} O-O {[%clk 1:29:52]} 8.
Bd3 {[%clk 1:18:50]} dxc4 {[%clk 1:29:46]} 9. Bxc4 {[%clk 1:19:10]} Qc7 {[%clk
1:30:07]} 10. Be2 {[%clk 1:03:15]} b6 {[%clk 1:28:11]} 11. O-O {[%clk 1:03:35]}
Bb7 {[%clk 1:27:31]} 12. c4 {[%clk 1:00:54]} Nbd7 {[%clk 1:13:13]} 13. Bb2 {[%clk
1:00:54]} Rfd8 {[%clk 1:13:34]} 14. Qb3 {[%clk 0:59:10]} Rac8 {[%clk 1:09:55]}
15. Nd2 {[%clk 0:47:23]} cxd4 {[%clk 0:57:05]} 16. exd4 {[%clk 0:47:39]} Nc5
{[%clk 0:57:14]} 17. Qc2 {[%clk 0:41:47]} Qd7 {[%clk 0:56:15]} 18. Rac1 {[%clk
0:40:50]} Na4 {[%clk 0:55:34]} 19. Ba1 {[%clk 0:38:02]} b5 {[%clk 0:55:32]} 20.
Qb3 {[%clk 0:35:06]} bxc4 {[%clk 0:51:26]} 21. Nxc4 {[%clk 0:34:30]} Bd5 {[%clk
0:50:22]} 22. Qe3 {[%clk 0:33:38]} Nb6 {[%clk 0:41:14]} 23. Ne5 {[%clk 0:30:38]}
Qa4 {[%clk 0:40:24]} 24. Rc5 {[%clk 0:29:18]} Ne4 {[%clk 0:36:43]} 25. Rb5 {[%clk
0:22:23]} f6 {[%clk 0:31:46]} 26. Rb4 {[%clk 0:22:07]} Qe8 {[%clk 0:30:40]} 27.
Bb5 {[%clk 0:17:29]} Qe7 {[%clk 0:30:47]} 28. Nd3 {[%clk 0:13:04]} a5 {[%clk
0:24:55]} 29. Rbb1 {[%clk 0:13:17]} Qxa3 {[%clk 0:24:44]} 30. Bb2 {[%clk
0:12:34]} Qe7 {[%clk 0:23:59]} 31. Nf4 {[%clk 0:12:08]} Qf7 {[%clk 0:21:29]} 32.
Ra1 {[%clk 0:10:05]} Nd6 {[%clk 0:21:34]} 33. Bd3 {[%clk 0:10:02]} a4 {[%clk
0:20:53]} 34. Qh3 {[%clk 0:10:06]} g6 {[%clk 0:19:39]} 35. Ba3 {[%clk 0:05:47]}
Bb3 {[%clk 0:18:01]} 36. Rfe1 {[%clk 0:05:47]} f5 {[%clk 0:17:00]} 37. Bc5 {[%clk
0:05:57]} Rb8 {[%clk 0:16:23]} 38. Qh4 {[%clk 0:06:11]} Rd7 {[%clk 0:15:00]} 39.
Qg5 {[%clk 0:03:56]} Nd5 {[%clk 0:08:08]} 40. Nxe6 {[%clk 0:33:02]} Ne4 {[%clk
0:35:55]} 41. Bxe4 {[%clk 0:31:39]} fxe4 {[%clk 0:29:33]} 42. Qg3 {[%clk
0:31:46]} Re8 {[%clk 0:28:25]} 43. Ng5 {[%clk 0:31:52]} Qf4 {[%clk 0:22:54]} 44.
Qxf4 {[%clk 0:27:57]} Nxf4 {[%clk 0:23:20]} 45. Rxe4 {[%clk 0:24:11]} Rxe4 {[%clk
0:23:40]} 46. Nxe4 {[%clk 0:24:40]} Kg7 {[%clk 0:23:58]} 47. Nc3 {[%clk 0:24:45]}
Ne6 {[%clk 0:22:47]} 48. Nxa4 {[%clk 0:23:22]} Bxa4 {[%clk 0:23:05]} 49. Rxa4
{[%clk 0:21:49]} Nxc5 {[%clk 0:23:30]} 50. Rb4 {[%clk 0:19:12]} Ne6 {[%clk
0:23:11]} 51. g3 {[%clk 0:19:05]} Nxd4 {[%clk 0:23:27]} 52. h4 {[%clk 0:18:53]}
Kf6 {[%clk 0:22:40]} 53. Kg2 {[%clk 0:18:52]} Nf5 {[%clk 0:19:48]} 54. Rb6+
{[%clk 0:18:21]} Rd6 {[%clk 0:19:56]} 55. Rb7 {[%clk 0:17:40]} h6 {[%clk
0:20:17]} 56. Ra7 {[%clk 0:17:00]} h5 {[%clk 0:14:37]} 57. Rb7 {[%clk 0:12:28]}
Nh6 {[%clk 0:14:35]} 58. f3 {[%clk 0:12:28]} Nf5 {[%clk 0:13:49]} 59. Rb3 {[%clk
0:11:26]} Rd2+ {[%clk 0:09:03]} 60. Kh3 {[%clk 0:11:31]} Nd4 {[%clk 0:06:41]} 61.
Rb6+ {[%clk 0:11:44]} Kg7 {[%clk 0:06:36]} 62. g4 {[%clk 0:11:51]} Nxf3 {[%clk
0:02:35]} 63. gxh5 {[%clk 0:12:11]} gxh5 {[%clk 0:03:02]} 64. Rb5 {[%clk
0:11:27]} Kg6 {[%clk 0:03:14]} 65. Kg3 {[%clk 0:08:31]} Nd4 {[%clk 0:03:11]} 66.
Rg5+ {[%clk 0:08:43]} Kh6 {[%clk 0:03:36]} 67. Ra5 {[%clk 0:09:03]} Ne6 {[%clk
0:03:13]} 68. Ra6 {[%clk 0:07:23]} Re2 {[%clk 0:03:39]} 69. Ra5 {[%clk 0:06:55]}
Re4 {[%clk 0:03:33]} 70. Rb5 {[%clk 0:06:15]} Rg4+ {[%clk 0:03:26]} 71. Kh3
{[%clk 0:06:02]} Nf4+ {[%clk 0:04:15]} 72. Kh2 {[%clk 0:06:29]} Rxh4+ {[%clk
0:04:35]} 73. Kg3 {[%clk 0:06:55]} Rg4+ {[%clk 0:05:02]} 74. Kh2 {[%clk 0:07:20]}
Ng6 {[%clk 0:04:41]} 75. Ra5 {[%clk 0:07:29]} Re4 {[%clk 0:04:55]} 76. Rb5 {[%clk
0:07:43]} Ne5 {[%clk 0:05:06]} 77. Rb8 {[%clk 0:07:38]} Kg5 {[%clk 0:05:22]} 78.
Rg8+ {[%clk 0:07:48]} Kh4 {[%clk 0:05:48]} 79. Kh1 {[%clk 0:07:00]} Ng4 {[%clk
0:05:26]} 0-1

[Event "Greek Team Championship"]
[Site "chess24.com"]
[Date "2017.07.06"]
[Round "5"]
[White "Pasoglou, Ekaterini"]
[Black "Vozinaki, Anthi - Maria"]
[Result "1/2-1/2"]
[Board "6"]
[WhiteElo "1885"]
[WhiteCountry "GRE"]
[WhiteFideId "4247663"]
[WhiteEloChange "-1"]
[BlackElo "1837"]
[BlackCountry "GRE"]
[BlackFideId "4263898"]
[BlackEloChange "1"]

1. e4 {[%clk 1:29:54]} c5 {[%clk 1:30:15]} 2. Nf3 {[%clk 1:30:16]} e6 {[%clk
1:30:24]} 3. d4 {[%clk 1:30:38]} cxd4 {[%clk 1:30:41]} 4. Nxd4 {[%clk 1:31:01]}
a6 {[%clk 1:31:02]} 5. c4 {[%clk 1:31:18]} Nf6 {[%clk 1:31:16]} 6. Nc3 {[%clk
1:31:40]} Qc7 {[%clk 1:31:41]} 7. Be2 {[%clk 1:31:41]} b6 {[%clk 1:31:33]} 8. Be3
{[%clk 1:30:33]} Bb7 {[%clk 1:29:33]} 9. f3 {[%clk 1:30:22]} d6 {[%clk 1:28:11]}
10. Qd2 {[%clk 1:29:47]} Be7 {[%clk 1:28:15]} 11. O-O {[%clk 1:30:02]} Nbd7
{[%clk 1:28:30]} 12. Rfc1 {[%clk 1:29:42]} O-O {[%clk 1:27:56]} 13. a4 {[%clk
1:28:15]} a5 {[%clk 1:19:21]} 14. Ndb5 {[%clk 1:20:07]} Qb8 {[%clk 1:19:41]} 15.
Bd1 {[%clk 1:08:39]} Rd8 {[%clk 1:11:55]} 16. Bc2 {[%clk 0:49:07]} Nc5 {[%clk
1:06:49]} 17. Bf4 {[%clk 0:45:14]} Nh5 {[%clk 0:55:42]} 18. Be3 {[%clk 0:45:26]}
Nf6 {[%clk 0:55:38]} 19. Bf4 {[%clk 0:42:08]} Nh5 {[%clk 0:52:07]} 20. Be3 {[%clk
0:41:38]} Bc6 {[%clk 0:51:24]} 21. Rd1 {[%clk 0:39:35]} Qb7 {[%clk 0:45:57]} 22.
Nd4 {[%clk 0:37:49]} Be8 {[%clk 0:41:16]} 23. Qe2 {[%clk 0:32:06]} Nf6 {[%clk
0:39:29]} 24. Ncb5 {[%clk 0:25:46]} Na6 {[%clk 0:35:19]} 25. Rac1 {[%clk
0:24:47]} Rac8 {[%clk 0:35:01]} 26. Nb3 {[%clk 0:20:54]} Nb4 {[%clk 0:28:26]} 27.
Bb1 {[%clk 0:20:07]} Bc6 {[%clk 0:25:38]} 28. Qf2 {[%clk 0:19:11]} Rb8 {[%clk
0:24:19]} 29. N3d4 {[%clk 0:17:57]} Be8 {[%clk 0:23:55]} 30. Qg3 {[%clk 0:17:11]}
Kh8 {[%clk 0:17:37]} 31. Kh1 {[%clk 0:14:52]} Rbc8 {[%clk 0:15:18]} 32. Nb3
{[%clk 0:13:45]} Qb8 {[%clk 0:11:24]} 33. N3d4 {[%clk 0:09:55]} Qb7 {[%clk
0:10:25]} 34. Qh3 {[%clk 0:09:50]} Nc6 {[%clk 0:07:41]} 35. Nxc6 {[%clk 0:08:57]}
Bxc6 {[%clk 0:08:16]} 36. Bf4 {[%clk 0:08:28]} e5 {[%clk 0:05:52]} 37. Be3 {[%clk
0:07:39]} Bxb5 {[%clk 0:04:18]} 38. axb5 {[%clk 0:07:36]} Nd7 {[%clk 0:03:50]}
39. Ba2 {[%clk 0:06:02]} Nc5 {[%clk 0:02:11]} 40. Qg3 {[%clk 0:35:52]} Bf6 {[%clk
0:30:58]} 41. Qf2 {[%clk 0:30:41]} Rb8 {[%clk 0:28:58]} 42. Bxc5 {[%clk 0:27:59]}
dxc5 {[%clk 0:28:11]} 43. Rd5 {[%clk 0:27:09]} Rxd5 {[%clk 0:28:00]} 44. cxd5
{[%clk 0:27:10]} Be7 {[%clk 0:25:59]} 45. Bc4 {[%clk 0:27:15]} Bd6 {[%clk
0:26:18]} 46. b3 {[%clk 0:27:24]} Ra8 {[%clk 0:25:52]} 47. Ra1 {[%clk 0:27:38]}
Rf8 {[%clk 0:25:37]} 48. Qh4 {[%clk 0:24:26]} Qd7 {[%clk 0:24:09]} 49. g4 {[%clk
0:22:05]} Be7 {[%clk 0:21:41]} 50. Qg3 {[%clk 0:21:47]} Bg5 {[%clk 0:20:16]} 51.
Ra2 {[%clk 0:19:26]} Bf4 {[%clk 0:20:18]} 52. Qh4 {[%clk 0:19:14]} Qd6 {[%clk
0:19:35]} 53. Rg2 {[%clk 0:17:50]} Kg8 {[%clk 0:18:44]} 54. Ra2 {[%clk 0:16:48]}
Rd8 {[%clk 0:18:31]} 55. Kg2 {[%clk 0:13:31]} 1/2-1/2

[Event "Greek Team Championship"]
[Site "chess24.com"]
[Date "2017.07.06"]
[Round "5"]
[White "Karavitaki, Evaggelia"]
[Black "Pasoglou, Nikoleta"]
[Result "1-0"]
[Board "7"]
[WhiteElo "1690"]
[WhiteCountry "GRE"]
[WhiteFideId "4295021"]
[WhiteEloChange "2"]
[BlackElo "1241"]
[BlackCountry "GRE"]
[BlackFideId "4265408"]
[BlackEloChange "-2"]

1. e4 {[%clk 1:30:55]} c5 {[%clk 1:29:47]} 2. Nf3 {[%clk 1:30:59]} Nc6 {[%clk
1:30:08]} 3. Bb5 {[%clk 1:30:55]} g6 {[%clk 1:26:42]} 4. O-O {[%clk 1:29:17]} Bg7
{[%clk 1:26:31]} 5. Re1 {[%clk 1:23:40]} d6 {[%clk 1:24:37]} 6. c3 {[%clk
1:20:23]} a6 {[%clk 1:18:23]} 7. Bf1 {[%clk 1:10:49]} Nf6 {[%clk 1:10:39]} 8. h3
{[%clk 1:09:27]} O-O {[%clk 1:09:36]} 9. d4 {[%clk 1:07:56]} b6 {[%clk 1:06:58]}
10. Bf4 {[%clk 1:02:27]} Nh5 {[%clk 0:54:17]} 11. Bh2 {[%clk 0:57:40]} Bb7 {[%clk
0:32:36]} 12. d5 {[%clk 0:49:25]} Nb8 {[%clk 0:28:07]} 13. a4 {[%clk 0:45:53]}
Qd7 {[%clk 0:20:34]} 14. Nbd2 {[%clk 0:34:45]} a5 {[%clk 0:09:38]} 15. Nc4 {[%clk
0:32:21]} Qc7 {[%clk 0:08:56]} 16. Qb3 {[%clk 0:31:48]} Ra6 {[%clk 0:08:30]} 17.
Nfd2 {[%clk 0:27:51]} Nd7 {[%clk 0:02:31]} 18. Rad1 {[%clk 0:24:07]} Raa8 {[%clk
0:01:47]} 19. Nb1 {[%clk 0:23:32]} Ba6 {[%clk 0:01:20]} 20. Nba3 {[%clk 0:23:26]}
Bxc4 {[%clk 0:01:08]} 21. Bxc4 {[%clk 0:23:13]} Qd8 {[%clk 0:00:35]} 22. Nb5
{[%clk 0:22:13]} Nhf6 {[%clk 0:00:35]} 23. Qc2 {[%clk 0:20:47]} Ne8 {[%clk
0:00:36]} 24. Qd2 {[%clk 0:20:12]} Ne5 {[%clk 0:00:36]} 25. Bf1 {[%clk 0:20:18]}
Nc7 {[%clk 0:00:40]} 26. Na3 {[%clk 0:20:34]} Qc8 {[%clk 0:00:33]} 27. Bf4 {[%clk
0:19:08]} f5 {[%clk 0:00:33]} 28. Bxe5 {[%clk 0:07:00]} Bxe5 {[%clk 0:00:56]} 29.
Nc4 {[%clk 0:07:18]} Rb8 {[%clk 0:00:50]} 30. Nxe5 {[%clk 0:06:40]} dxe5 {[%clk
0:01:17]} 31. Qg5 {[%clk 0:06:09]} Qe8 {[%clk 0:00:40]} 32. Bc4 {[%clk 0:04:45]}
Kg7 {[%clk 0:00:45]} 33. Bd3 {[%clk 0:05:00]} fxe4 {[%clk 0:00:32]} 34. Qxe5+
{[%clk 0:05:05]} Kg8 {[%clk 0:00:40]} 35. Rxe4 {[%clk 0:05:08]} Rb7 {[%clk
0:00:33]} 36. d6 {[%clk 0:03:01]} exd6 {[%clk 0:00:47]} 37. Bc4+ {[%clk 0:03:10]}
d5 {[%clk 0:00:36]} 38. Qxe8 {[%clk 0:02:26]} Rxe8 {[%clk 0:00:43]} 39. Rxe8+
{[%clk 0:02:46]} 1-0